书目信息 |
| 题名: |
沂蒙红嫂故事选
|
|
| 作者: | 王春梅 , 方艳 编著 | |
| 分册: | ||
| 出版信息: | 济南 济南出版社 2019.03 |
|
| 页数: | 253页 | |
| 开本: | 24cm | |
| 丛书名: | 红色文化研究文库 | |
| 单 册: | ||
| 中图分类: | I253 , K828.5=7 | |
| 科图分类: | ||
| 主题词: | 报告文学--bao gao wen xue--中国--当代 , 妇女--fu nv--先进事迹--临沂--现代 | |
| 电子资源: | ||
| ISBN: | 978-7-5488-3629-2 | |
| 000 | 01154nam 2200301 450 | |
| 001 | CAL 009679076 | |
| 005 | 20230217093112.0 | |
| 010 | @a978-7-5488-3629-2@dCNY88.00 | |
| 100 | @a20190923d2019 em y0chiy0120 ea | |
| 101 | 0 | @achi |
| 102 | @aCN@b370000 | |
| 105 | @aa a 000zd | |
| 106 | @ar | |
| 200 | 1 | @a沂蒙红嫂故事选@Ayi meng hong sao gu shi xuan@f王春梅, 方艳编著 |
| 210 | @a济南@c济南出版社@d2019.03 | |
| 215 | @a253页@c图@d24cm | |
| 225 | 2 | @a红色文化研究文库@Ahong se wen hua yan jiu wen ku |
| 320 | @a有书目 (第251-252页) | |
| 330 | @a本书旨在挖掘红嫂精神的内涵和时代价值。书中收录了明德英、王换于、梁怀玉、李桂芳等战争年代“沂蒙红嫂”的感人事迹, 并用大量的篇幅呈现和平时期的红嫂故事, 包括朱呈镕、于爱梅、高宏等新红嫂, 她们在临沂市各行各业, 立足岗位建功成才, 为经济社会发展做出了突出贡献。 | |
| 410 | 0 | @12001 @a红色文化研究文库 |
| 606 | 0 | @a报告文学@Abao gao wen xue@y中国@z当代 |
| 606 | 0 | @a妇女@Afu nv@x先进事迹@y临沂@z现代 |
| 690 | @aI253@v5 | |
| 690 | @aK828.5=7@v5 | |
| 701 | 0 | @a王春梅@Awang chun mei@4编著 |
| 701 | 0 | @a方艳@Afang yan@4编著 |
| 801 | 0 | @aCN@bBJXHZP@c20230228 |
| 905 | @b1396360-3@dI253@e1216@f4 | |
| 沂蒙红嫂故事选/王春梅, 方艳编著.-济南:济南出版社,2019.03 |
| 253页:图;24cm.-(红色文化研究文库) |
| ISBN 978-7-5488-3629-2:CNY88.00 |
| 本书旨在挖掘红嫂精神的内涵和时代价值。书中收录了明德英、王换于、梁怀玉、李桂芳等战争年代“沂蒙红嫂”的感人事迹, 并用大量的篇幅呈现和平时期的红嫂故事, 包括朱呈镕、于爱梅、高宏等新红嫂, 她们在临沂市各行各业, 立足岗位建功成才, 为经济社会发展做出了突出贡献。 |
| ● |
| 相关链接 |
|
|
|
|
正题名:沂蒙红嫂故事选
索取号:I253/1216
 
预约/预借
| 序号 | 登录号 | 条形码 | 馆藏地/架位号 | 状态 | 备注 |
| 1 | 1396360 | 213963601 | 第一样本阅览室/ [索取号:I253/1216] | 在馆 | |
| 2 | 1396361 | 213963610 | 第二借阅区/ [索取号:I253/1216] | 在馆 | |
| 3 | 1396362 | 213963629 | 第二借阅区/ [索取号:I253/1216] | 在馆 | |
| 4 | 1396363 | 213963638 | 第二借阅区/ [索取号:I253/1216] | 在馆 |